Business ethics <a> European review
Enregistré dans:
| Format: | Publication en série |
|---|---|
| Langue: | anglais |
| Publié: |
Oxford
Blackwell Publ.
2007
|
| Sujets: | |
| Tags: |
Pas de tags, Soyez le premier à ajouter un tag!
|
MARC
| LEADER | 00000nas2a2200000 4500 | ||
|---|---|---|---|
| 001 | 0129396 | ||
| 005 | 20110517145939.4 | ||
| 022 | |a 0962-8770 | ||
| 041 | 0 | |a eng | |
| 044 | |a GB | ||
| 245 | 1 | 0 | |a Business ethics |b <a> European review |
| 264 | 1 | |a Oxford |b Blackwell Publ. |c 2007 | |
| 773 | 0 | |w eu_un_cat*s122611 | |
| 610 | 2 | 0 | |a etika podniková |